¿Humo o pobreza?

Guardado en:
Bibliografiske detaljer
Format: Texto
Tags: Tilføj Tag
Ingen Tags, Vær først til at tagge denne postø!

MARC

LEADER 00000 a a2200000 04500
001 5047
003
040
245 |a ¿Humo o pobreza?  
773 |g número 58; páginas 23-24  
999 |c 20982  |d 20982